Decomposition techniques in mathematical programming : engineering and science applications /

Guardado en:
Otros Autores: Conejo, Antonio J.
Formato: Libro
Idioma:English
Publicado: Berlin ; New York : Springer, c2006.
Series:Engineering and Science Applications
Materias:
Acceso en línea:Tabla de contenido
Descripcion del editor
Etiquetas: Agregar Etiqueta
Sin Etiquetas, Sea el primero en etiquetar este registro!
LEADER 01263cam a22003134a 4500
001 EIQ.libpla004187
008 051003s2006####gw#a#####b####001#0#eng##
005 20081021165352.0
245 0 0 |a Decomposition techniques in mathematical programming :  |b engineering and science applications /  |c Antonio J. Conejo ... [et al.]. 
260 |a Berlin ;  |a New York :  |b Springer,  |c c2006. 
300 |a xvi, 541 p. :  |b il. ;  |c 24 cm. 
490 0 |a Engineering and Science Applications 
504 |a Incluye referencias bibliográficas (p. [531]-535) e índice. 
020 |a 9783540276852 (alk. paper) 
020 |a 3540276858 (alk. paper) 
700 1 |a Conejo, Antonio J. 
082 0 0 |a 519.7  |2 22 
650 4 |a Decomposition  |x Mathematics 
650 0 |a Programming  |x Mathematics 
650 0 |a Engineering mathematics. 
650 4 |a Optimización  |x Matemática 
650 4 |a Programación  |x Matemática 
650 4 |a Matemática  |x composición de funciones 
010 |a  2005934995 
040 |a DLC  |c DLC  |d DLC 
050 0 0 |a QA402.2  |b .D43 2006 
856 4 1 |3 Tabla de contenido  |u http://www.loc.gov/catdir/toc/fy0613/2005934995.html 
856 4 2 |3 Descripcion del editor  |u http://www.loc.gov/catdir/enhancements/fy0663/2005934995-d.html 
859 |a AR-BbSID  |b BIB. PLAPIQUI  |i C 756  |p 6100